Collaborative relationships (Record no. 78083)

MARC details
000 -LEADER
fixed length control field 00716cab a2200181 4500
001 - CONTROL NUMBER
control field L135963
008 - FIXED-LENGTH DATA ELEMENTS--GENERAL INFORMATION
fixed length control field 061220n2006 000 0 eng u
035 ## - SYSTEM CONTROL NUMBER
System control number (Sirsi) u135963
041 0# - LANGUAGE CODE
Language code of text/sound track or separate title eng
245 00 - TITLE STATEMENT
Title Collaborative relationships
260 ## - PUBLICATION, DISTRIBUTION, ETC.
Date of publication, distribution, etc. 2006
490 #0 - SERIES STATEMENT
Series statement Premises and Facilities Management
Volume/sequential designation December 2006, 21-22(2)
520 ## - SUMMARY, ETC.
Summary, etc. Discusses the British Standards Institution's Publicly Available Specification, which is intended to formalise a consistent approach to collaborative relationship management and to provide a foundation for benchmarking organisations internally and externally.
590 ## - LOCAL NOTE (RLIN)
Local note KA
651 #4 - SUBJECT ADDED ENTRY--GEOGRAPHIC NAME
Geographic name United Kingdom
Chronological subdivision
690 ## - LOCAL SUBJECT ADDED ENTRY--TOPICAL TERM (OCLC, RLIN)
Topical term or geographic name as entry element MANAGEMENT-FACILITIES MANAGEMENT
942 ## - ADDED ENTRY ELEMENTS (KOHA)
Suppress in OPAC 0
Holdings
Withdrawn status Lost status Source of classification or shelving scheme Damaged status Not for loan Home library Current library Shelving location Date acquired Total Checkouts Full call number Barcode Date last seen Copy number Price effective from Koha item type
    Dewey Decimal Classification     London London Journal article 20/12/2006   L135963 135963-1001 06/08/2019 1 06/08/2019 Journal article